000 00523cam a2200217 4500
001 D6557
008 090401t1971 xxu||||| |||| 00| 0 eng d
035 _a(Sirsi) u1462
041 _aeng
050 _a333.332
100 _aLawrance, David M
245 _aModern methods of valuation of land, houses and buildings
250 _a6th
260 _aLondon
_bEstates Gazette
_c1971
300 _axv. 536p. 23cm
350 _a4
700 _aRees, W.H.
700 _aBritton, W.
942 _n0
948 _c04/03/1997
999 _c85673
_d85673